| 000 | 00000nas 2200000zi 4500 |
| 001 | 9.929497 |
| 003 | CaOODSP |
| 005 | 20250502172127 |
| 006 | m o d f |
| 007 | cr cn |||||||| |
| 008 | 231026d20232023oncar p o f0###b0fre|d |
| 022 | |a2817-8238 |
| 040 | |aCaOODSP|bfre|erda|cCaOODSP |
| 043 | |an-cn--- |
| 086 | 1 |aT91-13F-PDF |
| 110 | 1 |aCanada. |bInfrastructure Canada, |eauteur, |eorganisme de publication. |
| 222 | 0|aRapport d'étape de ... sur le plan d'accessibilité d'INFC |
| 245 | 10|aRapport d'étape de ... sur le plan d'accessibilité d'INFC. |
| 246 | 3 |aRapport d'étape de ... sur le plan d'accessibilité d'Infrastructure Canada |
| 264 | 1|aOttawa (Ontario) : |bInfrastructure Canada, |c2023. |
| 310 | |aAnnuel |
| 336 | |atexte|btxt|2rdacontent/fre |
| 337 | |ainformatique|bc|2rdamedia/fre |
| 338 | |aressource en ligne|bcr|2rdacarrier/fre |
| 362 | 1 |aParaît depuis : 2023; ne paraît plus après : 2023. |
| 500 | |aPublié aussi en anglais sous le titre : ... progress report on INFC's accessibility plan. |
| 588 | |aDescription d'après : 2023; titre de la page couverture du fichier PDF. |
| 588 | |aDernière livraison consultée : 2023. |
| 610 | 16|aCanada. |bInfrastructure Canada|vPériodiques. |
| 650 | 6|aAccessibilité aux personnes handicapées|zCanada|xPlanification|vPériodiques. |
| 650 | 6|aPersonnes handicapées|xPolitique gouvernementale|zCanada|vPériodiques. |
| 655 | 7|aPériodiques|2rvmgf |
| 775 | 08|t... progress report on INFC's accessibility plan.|w(CaOODSP)9.929498 |
| 785 | 00|tRapport d'étape de ... sur le plan d'accessibilité de Logement, infrastructures et collectivités Canada. |w(CaOODSP)9.945817 |